000 00479nam a2200181Ia 4500
005 20250326141624.0
008 250326s9999 xx 000 0 und d
037 _aTextbook
040 _aFMSL
_beng
_cFMSL
041 _aeng
_2eng
084 _qFMSL
100 _aMittal A C
245 0 _aProduction process & control management
_cMittal A C
260 _aNew Delhi
_bNew Delhi, Omsons Publications
_c1991
300 _a446p
942 _cTB
999 _c1291183
_d1291183